[Event "Estonian Women's Chess Championship 2025 - Rapid tie-breaks"]
[Site "Tallinn, Estonia"]
[Date "2025.12.16"]
[Round "18.1"]
[White "Olde, Margareth"]
[Black "Blokhin, Sofia"]
[Result "1-0"]
[WhiteTitle "WIM"]
[BlackTitle "WFM"]
[WhiteElo "2214"]
[BlackElo "2095"]

1. d4 {

[%clk 00:15:06]

} f5 {

[%clk 00:15:05]

} {

[%emt 00:00:03]

} 2. g3 {

[%clk 00:15:08]

} Nf6 {

[%clk 00:15:07]

} 3. Bg2 {

[%clk 00:15:11]

} g6 {

[%clk 00:15:08]

} {

[%emt 00:00:02]

} 4. Nh3 {

[%clk 00:15:10]

} {

[%emt 00:00:03]

} Bg7 {

[%clk 00:15:09]

} {

[%emt 00:00:02]

} 5. Nf4 {

[%clk 00:15:12]

} {

[%emt 00:00:01]

} O-O {

[%clk 00:15:02]

} {

[%emt 00:00:10]

} 6. h4 {

[%clk 00:15:15]

} {

[%emt 00:00:01]

} Qe8 {

[%clk 00:13:54]

} {

[%emt 00:01:11]

} 7. h5 {

[%clk 00:14:01]

} {

[%emt 00:01:16]

} Nxh5 {

[%clk 00:12:04]

} {

[%emt 00:01:53]

} 8. Nxh5 {

[%clk 00:13:54]

} {

[%emt 00:00:11]

} gxh5 {

[%clk 00:12:05]

} {

[%emt 00:00:02]

} 9. e3 {

[%clk 00:12:54]

} {

[%emt 00:01:02]

} c6 {

[%clk 00:10:51]

} {

[%emt 00:01:18]

} 10. c4 {

[%clk 00:12:43]

} {

[%emt 00:00:14]

} d6 {

[%clk 00:10:17]

} {

[%emt 00:00:37]

} 11. d5 {

[%clk 00:11:40]

} {

[%emt 00:01:07]

} Qg6 {

[%clk 00:09:57]

} {

[%emt 00:00:23]

} 12. Bf3 {

[%clk 00:11:16]

} {

[%emt 00:00:27]

} cxd5 {

[%clk 00:08:45]

} {

[%emt 00:01:14]

} 13. Qxd5+ {

[%clk 00:10:17]

} {

[%emt 00:01:01]

} Kh8 {

[%clk 00:08:33]

} {

[%emt 00:00:15]

} 14. Nc3 {

[%clk 00:09:32]

} {

[%emt 00:00:48]

} Nc6 {

[%clk 00:08:20]

} {

[%emt 00:00:16]

} 15. Bxh5 {

[%clk 00:07:43]

} {

[%emt 00:01:53]

} Qf6 {

[%clk 00:08:09]

} {

[%emt 00:00:14]

} 16. Qd2 {

[%clk 00:06:50]

} {

[%emt 00:00:53]

} Be6 {

[%clk 00:05:31]

} {

[%emt 00:02:42]

} 17. Nd5 {

[%clk 00:06:11]

} {

[%emt 00:00:42]

} Bxd5 {

[%clk 00:05:18]

} {

[%emt 00:00:17]

} 18. cxd5 {

[%clk 00:05:32]

} {

[%emt 00:00:42]

} Ne5 {

[%clk 00:05:12]

} {

[%emt 00:00:08]

} 19. Rb1 {

[%clk 00:05:24]

} {

[%emt 00:00:11]

} Rac8 {

[%clk 00:04:26]

} {

[%emt 00:00:50]

} 20. b3 {

[%clk 00:05:07]

} {

[%emt 00:00:20]

} Qg5 {

[%clk 00:03:17]

} {

[%emt 00:01:11]

} 21. Be2 {

[%clk 00:02:53]

} {

[%emt 00:02:17]

} Qg6 {

[%clk 00:03:04]

} {

[%emt 00:00:17]

} 22. Bh5 {

[%clk 00:02:30]

} {

[%emt 00:00:26]

} Qg5 {

[%clk 00:03:04]

} {

[%emt 00:00:03]

} 23. Bb2 {

[%clk 00:01:44]

} {

[%emt 00:00:49]

} Qxh5 {

[%clk 00:02:35]

} {

[%emt 00:00:32]

} 24. Rxh5 {

[%clk 00:01:46]

} Nf3+ {

[%clk 00:02:37]

} 25. Ke2 {

[%clk 00:01:49]

} {

[%emt 00:00:01]

} Nxd2 {

[%clk 00:02:37]

} {

[%emt 00:00:02]

} 26. Bxg7+ {

[%clk 00:01:51]

} Kxg7 {

[%clk 00:02:38]

} {

[%emt 00:00:02]

} 27. Kxd2 {

[%clk 00:01:53]

} Rc5 {

[%clk 00:02:38]

} {

[%emt 00:00:03]

} 28. Rbh1 {

[%clk 00:01:26]

} {

[%emt 00:00:29]

} Rxd5+ {

[%clk 00:02:17]

} {

[%emt 00:00:24]

} 29. Kc3 {

[%clk 00:00:56]

} {

[%emt 00:00:30]

} Rc8+ {

[%clk 00:02:15]

} {

[%emt 00:00:07]

} 30. Kb4 {

[%clk 00:00:40]

} {

[%emt 00:00:18]

} a5+ {

[%clk 00:01:40]

} {

[%emt 00:00:40]

} 31. Ka4 {

[%clk 00:00:15]

} {

[%emt 00:00:28]

} Rc2 {

[%clk 00:00:44]

} {

[%emt 00:00:59]

} 32. Rxh7+ {

[%clk 00:00:17]

} {

[%emt 00:00:01]

} Kf8 {

[%clk 00:00:25]

} {

[%emt 00:00:23]

} 33. a3 {

[%clk 00:00:19]

} Rxf2 {

[%clk 00:00:10]

} {

[%emt 00:00:18]

} 34. b4 {

[%clk 00:00:07]

} {

[%emt 00:00:15]

} axb4 {

[%clk 00:00:12]

} {

[%emt 00:00:01]

} 35. axb4 {

[%clk 00:00:10]

} {

[%emt 00:00:01]

} Rf3 {

[%clk 00:00:10]

} {

[%emt 00:00:04]

} 36. Rc1 {

[%clk 00:00:11]

} {

[%emt 00:00:01]

} Ke8 {

[%clk 00:00:07]

} {

[%emt 00:00:07]

} 37. Rc7 {

[%clk 00:00:06]

} {

[%emt 00:00:08]

} Re5 {

[%clk 00:00:08]

} {

[%emt 00:00:02]

} 38. Rxb7 {

[%clk 00:00:06]

} {

[%emt 00:00:03]

} Kd8 {

[%clk 00:00:05]

} {

[%emt 00:00:07]

} 39. Rh8# {

[%clk 00:00:08]

} 1-0

[Event "Estonian Women's Chess Championship 2025 - Blitz tie-breaks"]
[Site "Tallinn, Estonia"]
[Date "2025.12.16"]
[Round "19.1"]
[White "Olde, Margareth"]
[Black "Blokhin, Sofia"]
[Result "1-0"]
[WhiteTitle "WIM"]
[BlackTitle "WFM"]
[WhiteElo "2214"]
[BlackElo "2095"]

1. d4 {

[%clk 00:03:03]

} f5 {

[%clk 00:03:03]

} {

[%emt 00:00:02]

} 2. g3 {

[%clk 00:03:05]

} Nf6 {

[%clk 00:03:04]

} {

[%emt 00:00:01]

} 3. Bg2 {

[%clk 00:03:06]

} g6 {

[%clk 00:03:05]

} {

[%emt 00:00:02]

} 4. Nh3 {

[%clk 00:03:07]

} {

[%emt 00:00:01]

} Bg7 {

[%clk 00:03:05]

} {

[%emt 00:00:02]

} 5. Nf4 {

[%clk 00:03:06]

} {

[%emt 00:00:02]

} O-O {

[%clk 00:03:06]

} {

[%emt 00:00:02]

} 6. h4 {

[%clk 00:03:07]

} {

[%emt 00:00:01]

} Qe8 {

[%clk 00:03:07]

} {

[%emt 00:00:01]

} 7. c4 {

[%clk 00:02:59]

} {

[%emt 00:00:09]

} c6 {

[%clk 00:02:55]

} {

[%emt 00:00:14]

} 8. Nc3 {

[%clk 00:02:58]

} {

[%emt 00:00:04]

} d6 {

[%clk 00:02:51]

} {

[%emt 00:00:05]

} 9. d5 {

[%clk 00:02:51]

} {

[%emt 00:00:08]

} Bd7 {

[%clk 00:02:12]

} {

[%emt 00:00:41]

} 10. Rb1 {

[%clk 00:02:36]

} {

[%emt 00:00:17]

} Na6 {

[%clk 00:02:08]

} {

[%emt 00:00:06]

} 11. b4 {

[%clk 00:02:34]

} {

[%emt 00:00:05]

} Rc8 {

[%clk 00:01:58]

} {

[%emt 00:00:11]

} 12. a3 {

[%clk 00:02:08]

} {

[%emt 00:00:28]

} Nh5 {

[%clk 00:01:50]

} {

[%emt 00:00:10]

} 13. Qd3 {

[%clk 00:01:53]

} {

[%emt 00:00:18]

} Nxf4 {

[%clk 00:01:41]

} {

[%emt 00:00:11]

} 14. Bxf4 {

[%clk 00:01:53]

} {

[%emt 00:00:01]

} Nc7 {

[%clk 00:01:11]

} {

[%emt 00:00:32]

} 15. h5 {

[%clk 00:01:46]

} {

[%emt 00:00:09]

} cxd5 {

[%clk 00:01:04]

} {

[%emt 00:00:09]

} 16. Nxd5 {

[%clk 00:01:28]

} {

[%emt 00:00:21]

} Bc6 {

[%clk 00:00:51]

} {

[%emt 00:00:15]

} 17. hxg6 {

[%clk 00:01:17]

} {

[%emt 00:00:13]

} hxg6 {

[%clk 00:00:50]

} {

[%emt 00:00:03]

} 18. Bh6 {

[%clk 00:01:02]

} {

[%emt 00:00:17]

} Bxh6 {

[%clk 00:00:46]

} {

[%emt 00:00:07]

} 19. Rxh6 {

[%clk 00:01:03]

} Kg7 {

[%clk 00:00:43]

} {

[%emt 00:00:05]

} 20. Rh1 {

[%clk 00:00:55]

} {

[%emt 00:00:10]

} Nxd5 {

[%clk 00:00:17]

} {

[%emt 00:00:28]

} 21. cxd5 {

[%clk 00:00:56]

} Bb5 {

[%clk 00:00:11]

} {

[%emt 00:00:08]

} 22. Qd4+ {

[%clk 00:00:57]

} Rf6 {

[%clk 00:00:11]

} {

[%emt 00:00:02]

} 23. Qe3 {

[%clk 00:00:35]

} {

[%emt 00:00:21]

} Qg8 {

[%clk 00:00:10]

} {

[%emt 00:00:05]

} 24. Qxe7+ {

[%clk 00:00:33]

} {

[%emt 00:00:04]

} Rf7 {

[%clk 00:00:10]

} {

[%emt 00:00:02]

} 25. Qxd6 {

[%clk 00:00:31]

} {

[%emt 00:00:04]

} Qe8 {

[%clk 00:00:10]

} {

[%emt 00:00:02]

} 26. Bf3 {

[%clk 00:00:27]

} {

[%emt 00:00:05]

} Rc3 {

[%clk 00:00:10]

} {

[%emt 00:00:02]

} 27. Qf4 {

[%clk 00:00:25]

} {

[%emt 00:00:04]

} Re7 {

[%clk 00:00:06]

} {

[%emt 00:00:06]

} 28. Qd4+ {

[%clk 00:00:24]

} {

[%emt 00:00:02]

} Kg8 {

[%clk 00:00:03]

} {

[%emt 00:00:05]

} 29. Rh8+ {

[%clk 00:00:24]

} {

[%emt 00:00:02]

} Kf7 {

[%clk 00:00:04]

} 30. Rxe8 {

[%clk 00:00:24]

} {

[%emt 00:00:03]

} Rxe8 {

[%clk 00:00:04]

} {

[%emt 00:00:02]

} 31. Qxc3 {

[%clk 00:00:25]

} {

[%emt 00:00:01]

} 1-0

[Event "Estonian Women's Chess Championship 2025 - Blitz tie-breaks"]
[Site "Tallinn, Estonia"]
[Date "2025.12.16"]
[Round "20.1"]
[White "Blokhin, Sofia"]
[Black "Olde, Margareth"]
[Result "1-0"]
[WhiteTitle "WFM"]
[BlackTitle "WIM"]
[WhiteElo "2095"]
[BlackElo "2214"]

1. e4 {

[%clk 00:03:03]

} {

[%emt 00:00:26]

} e5 {

[%clk 00:03:04]

} {

[%emt 00:00:01]

} 2. Nc3 {

[%clk 00:03:04]

} {

[%emt 00:00:02]

} Nf6 {

[%clk 00:03:05]

} 3. Bc4 {

[%clk 00:03:05]

} {

[%emt 00:00:02]

} Nxe4 {

[%clk 00:03:02]

} {

[%emt 00:00:05]

} 4. Qh5 {

[%clk 00:03:05]

} {

[%emt 00:00:01]

} Nd6 {

[%clk 00:03:03]

} 5. Bb3 {

[%clk 00:03:05]

} {

[%emt 00:00:02]

} Be7 {

[%clk 00:03:04]

} {

[%emt 00:00:02]

} 6. Qxe5 {

[%clk 00:03:04]

} {

[%emt 00:00:03]

} O-O {

[%clk 00:03:05]

} 7. Nge2 {

[%clk 00:03:03]

} {

[%emt 00:00:02]

} c6 {

[%clk 00:02:56]

} {

[%emt 00:00:11]

} 8. d3 {

[%clk 00:02:53]

} {

[%emt 00:00:12]

} Ne8 {

[%clk 00:02:55]

} {

[%emt 00:00:02]

} 9. h4 {

[%clk 00:02:42]

} {

[%emt 00:00:14]

} Bf6 {

[%clk 00:02:50]

} {

[%emt 00:00:07]

} 10. Qh2 {

[%clk 00:02:39]

} {

[%emt 00:00:05]

} d5 {

[%clk 00:02:46]

} {

[%emt 00:00:06]

} 11. Bf4 {

[%clk 00:02:28]

} {

[%emt 00:00:13]

} Nd7 {

[%clk 00:02:20]

} {

[%emt 00:00:28]

} 12. O-O-O {

[%clk 00:02:27]

} {

[%emt 00:00:03]

} Nc5 {

[%clk 00:02:19]

} {

[%emt 00:00:03]

} 13. Rdg1 {

[%clk 00:02:12]

} {

[%emt 00:00:16]

} Be7 {

[%clk 00:02:05]

} {

[%emt 00:00:15]

} 14. g4 {

[%clk 00:02:11]

} {

[%emt 00:00:04]

} Bd6 {

[%clk 00:02:02]

} {

[%emt 00:00:05]

} 15. Bxd6 {

[%clk 00:01:55]

} {

[%emt 00:00:18]

} Qxd6 {

[%clk 00:02:01]

} {

[%emt 00:00:03]

} 16. f4 {

[%clk 00:01:53]

} {

[%emt 00:00:04]

} a5 {

[%clk 00:01:33]

} {

[%emt 00:00:30]

} 17. a3 {

[%clk 00:01:53]

} {

[%emt 00:00:02]

} Nxb3+ {

[%clk 00:01:31]

} {

[%emt 00:00:04]

} 18. cxb3 {

[%clk 00:01:53]

} {

[%emt 00:00:02]

} b5 {

[%clk 00:01:19]

} {

[%emt 00:00:15]

} 19. h5 {

[%clk 00:01:42]

} {

[%emt 00:00:13]

} b4 {

[%clk 00:00:47]

} {

[%emt 00:00:34]

} 20. axb4 {

[%clk 00:01:27]

} {

[%emt 00:00:18]

} axb4 {

[%clk 00:00:42]

} {

[%emt 00:00:06]

} 21. Na4 {

[%clk 00:01:26]

} {

[%emt 00:00:03]

} Ba6 {

[%clk 00:00:42]

} {

[%emt 00:00:02]

} 22. Kd2 {

[%clk 00:01:16]

} {

[%emt 00:00:12]

} Bb5 {

[%clk 00:00:33]

} {

[%emt 00:00:11]

} 23. Ra1 {

[%clk 00:01:12]

} {

[%emt 00:00:07]

} Nc7 {

[%clk 00:00:35]

} {

[%emt 00:00:01]

} 24. h6 {

[%clk 00:01:08]

} {

[%emt 00:00:06]

} g6 {

[%clk 00:00:36]

} 25. Qf2 {

[%clk 00:01:00]

} {

[%emt 00:00:10]

} Rfe8 {

[%clk 00:00:19]

} {

[%emt 00:00:19]

} 26. Qd4 {

[%clk 00:00:53]

} {

[%emt 00:00:08]

} Ne6 {

[%clk 00:00:19]

} {

[%emt 00:00:03]

} 27. Qf6 {

[%clk 00:00:48]

} {

[%emt 00:00:06]

} Qe7 {

[%clk 00:00:18]

} {

[%emt 00:00:04]

} 28. Qxe7 {

[%clk 00:00:26]

} {

[%emt 00:00:24]

} Rxe7 {

[%clk 00:00:19]

} {

[%emt 00:00:01]

} 29. f5 {

[%clk 00:00:24]

} {

[%emt 00:00:05]

} Ng5 {

[%clk 00:00:17]

} {

[%emt 00:00:04]

} 30. Nd4 {

[%clk 00:00:21]

} {

[%emt 00:00:05]

} Rea7 {

[%clk 00:00:15]

} {

[%emt 00:00:04]

} 31. Rhe1 {

[%clk 00:00:14]

} {

[%emt 00:00:09]

} Kf8 {

[%clk 00:00:14]

} {

[%emt 00:00:04]

} 32. Kc2 {

[%clk 00:00:13]

} {

[%emt 00:00:02]

} Nh3 {

[%clk 00:00:06]

} {

[%emt 00:00:10]

} 33. Re3 {

[%clk 00:00:13]

} {

[%emt 00:00:02]

} Nf4 {

[%clk 00:00:05]

} {

[%emt 00:00:03]

} 34. Rg1 {

[%clk 00:00:05]

} {

[%emt 00:00:10]

} Bxa4 {

[%clk 00:00:04]

} {

[%emt 00:00:03]

} 35. bxa4 {

[%emt 00:00:01]

} Rxa4 {

[%clk 00:00:04]

} {

[%emt 00:00:02]

} 36. Nxc6 {

[%clk 00:00:07]

} {

[%emt 00:00:01]

} Rc8 {

[%clk 00:00:04]

} {

[%emt 00:00:02]

} 37. Kb3 {

[%clk 00:00:08]

} Ra6 {

[%clk 00:00:05]

} {

[%emt 00:00:01]

} 38. Ne5 {

[%clk 00:00:06]

} {

[%emt 00:00:04]

} Rd6 {

[%clk 00:00:05]

} {

[%emt 00:00:01]

} 39. d4 {

[%clk 00:00:04]

} {

[%emt 00:00:04]

} g5 {

[%clk 00:00:07]

} 40. Ra1 {

[%clk 00:00:04]

} {

[%emt 00:00:02]

} Rdd8 {

[%clk 00:00:07]

} {

[%emt 00:00:02]

} 41. Ra7 {

[%clk 00:00:05]

} Ra8 {

[%clk 00:00:07]

} {

[%emt 00:00:02]

} 42. Rxf7+ {

[%emt 00:00:02]

} Kg8 43. Rg7+ {

[%clk 00:00:06]

} Kf8 {

[%clk 00:00:10]

} {

[%emt 00:00:01]

} 44. Nd7+ {

[%clk 00:00:06]

} {

[%emt 00:00:02]

} Rxd7 {

[%clk 00:00:10]

} {

[%emt 00:00:02]

} 45. Rxd7 {

[%clk 00:00:07]

} {

[%emt 00:00:01]

} Ng2 {

[%clk 00:00:08]

} {

[%emt 00:00:03]

} 46. Ree7 {

[%clk 00:00:07]

} {

[%emt 00:00:01]

} 1-0

[Event "Estonian Women's Chess Championship 2025 - Armageddon tie-break"]
[Site "Tallinn, Estonia"]
[Date "2025.12.16"]
[Round "21.1"]
[White "Blokhin, Sofia"]
[Black "Olde, Margareth"]
[Result "0-1"]
[WhiteTitle "WFM"]
[BlackTitle "WIM"]
[WhiteElo "2095"]
[BlackElo "2214"]

1. e4 {

[%clk 00:04:58]

} {

[%emt 00:00:06]

} e5 {

[%clk 00:04:00]

} 2. Nc3 {

[%clk 00:04:57]

} Nf6 {

[%clk 00:04:00]

} 3. Bc4 {

[%clk 00:04:56]

} {

[%emt 00:00:02]

} Nxe4 {

[%clk 00:03:59]

} 4. Qh5 {

[%clk 00:04:54]

} Nd6 {

[%clk 00:03:59]

} 5. Bb3 {

[%emt 00:00:02]

} Be7 6. Qxe5 {

[%clk 00:04:51]

} {

[%emt 00:00:02]

} O-O {

[%clk 00:03:58]

} {

[%emt 00:00:01]

} 7. Nge2 {

[%emt 00:00:01]

} c6 8. d4 {

[%clk 00:04:41]

} {

[%emt 00:00:08]

} Ne8 {

[%clk 00:03:54]

} {

[%emt 00:00:04]

} 9. O-O {

[%clk 00:04:34]

} {

[%emt 00:00:07]

} d5 {

[%clk 00:03:49]

} {

[%emt 00:00:05]

} 10. Qg3 {

[%clk 00:04:18]

} {

[%emt 00:00:16]

} Bd6 {

[%clk 00:03:45]

} {

[%emt 00:00:04]

} 11. f4 {

[%clk 00:04:14]

} {

[%emt 00:00:04]

} Bf5 {

[%clk 00:03:34]

} {

[%emt 00:00:11]

} 12. Nd1 {

[%clk 00:04:11]

} {

[%emt 00:00:03]

} Nf6 {

[%clk 00:03:32]

} {

[%emt 00:00:03]

} 13. Ne3 {

[%clk 00:04:04]

} {

[%emt 00:00:06]

} Be4 {

[%clk 00:03:25]

} {

[%emt 00:00:07]

} 14. c4 {

[%clk 00:03:58]

} {

[%emt 00:00:06]

} Na6 {

[%clk 00:03:16]

} {

[%emt 00:00:10]

} 15. c5 {

[%clk 00:03:57]

} Bc7 {

[%clk 00:03:14]

} {

[%emt 00:00:02]

} 16. Bc2 {

[%clk 00:03:56]

} {

[%emt 00:00:01]

} Re8 {

[%clk 00:03:12]

} {

[%emt 00:00:02]

} 17. Bxe4 {

[%clk 00:03:53]

} {

[%emt 00:00:03]

} Nxe4 {

[%clk 00:03:10]

} {

[%emt 00:00:01]

} 18. Qe1 {

[%clk 00:03:50]

} {

[%emt 00:00:02]

} Ba5 {

[%clk 00:03:08]

} {

[%emt 00:00:03]

} 19. Qd1 {

[%clk 00:03:47]

} {

[%emt 00:00:04]

} b6 {

[%clk 00:03:03]

} {

[%emt 00:00:05]

} 20. cxb6 {

[%clk 00:03:43]

} {

[%emt 00:00:03]

} Bxb6 {

[%clk 00:03:00]

} {

[%emt 00:00:03]

} 21. Rf3 {

[%clk 00:03:39]

} {

[%emt 00:00:04]

} Nf6 {

[%clk 00:02:42]

} {

[%emt 00:00:18]

} 22. Rh3 {

[%clk 00:03:36]

} {

[%emt 00:00:04]

} c5 {

[%clk 00:02:41]

} 23. dxc5 {

[%clk 00:03:32]

} {

[%emt 00:00:04]

} Nxc5 {

[%clk 00:02:40]

} {

[%emt 00:00:01]

} 24. Nd4 {

[%clk 00:03:24]

} {

[%emt 00:00:07]

} Ne6 {

[%clk 00:02:36]

} {

[%emt 00:00:04]

} 25. Nxe6 {

[%emt 00:00:10]

} Rxe6 26. Kh1 {

[%clk 00:03:01]

} {

[%emt 00:00:13]

} Ne4 {

[%clk 00:02:35]

} 27. Qf3 {

[%clk 00:02:54]

} {

[%emt 00:00:07]

} d4 {

[%clk 00:02:19]

} {

[%emt 00:00:16]

} 28. Nf1 {

[%clk 00:02:48]

} {

[%emt 00:00:06]

} d3 {

[%clk 00:02:15]

} {

[%emt 00:00:04]

} 29. Be3 {

[%clk 00:02:38]

} {

[%emt 00:00:10]

} Bxe3 {

[%clk 00:02:10]

} {

[%emt 00:00:05]

} 30. Qxe3 {

[%clk 00:02:18]

} {

[%emt 00:00:19]

} Qb6 {

[%clk 00:02:05]

} {

[%emt 00:00:06]

} 31. Qxb6 {

[%clk 00:01:53]

} {

[%emt 00:00:25]

} axb6 {

[%clk 00:01:59]

} {

[%emt 00:00:06]

} 32. Kg1 {

[%clk 00:01:49]

} {

[%emt 00:00:04]

} Rd6 {

[%clk 00:01:56]

} {

[%emt 00:00:03]

} 33. Rd1 {

[%clk 00:01:46]

} {

[%emt 00:00:02]

} Rxa2 {

[%clk 00:01:52]

} {

[%emt 00:00:05]

} 34. Rhxd3 {

[%clk 00:01:41]

} Rxd3 {

[%clk 00:01:51]

} 35. Rxd3 {

[%clk 00:01:40]

} {

[%emt 00:00:01]

} g6 {

[%clk 00:01:39]

} {

[%emt 00:00:12]

} 36. Rb3 {

[%clk 00:01:39]

} Ra1 {

[%clk 00:01:38]

} {

[%emt 00:00:02]

} 37. Rd3 {

[%clk 00:01:28]

} {

[%emt 00:00:11]

} Rb1 {

[%clk 00:01:33]

} {

[%emt 00:00:05]

} 38. b3 {

[%clk 00:01:26]

} {

[%emt 00:00:02]

} Nc5 {

[%clk 00:01:28]

} {

[%emt 00:00:04]

} 39. Rd8+ {

[%clk 00:01:22]

} {

[%emt 00:00:05]

} Kg7 {

[%clk 00:01:28]

} 40. Kf2 {

[%clk 00:01:10]

} {

[%emt 00:00:11]

} Rxb3 {

[%emt 00:00:04]

} 41. Ne3 {

[%clk 00:01:07]

} {

[%emt 00:00:03]

} Ne6 {

[%clk 00:01:13]

} {

[%emt 00:00:12]

} 42. Rb8 {

[%clk 00:01:01]

} {

[%emt 00:00:05]

} Nxf4 {

[%clk 00:01:12]

} {

[%emt 00:00:02]

} 43. g3 {

[%clk 00:00:58]

} {

[%emt 00:00:03]

} Nd3+ {

[%clk 00:01:08]

} {

[%emt 00:00:04]

} 44. Ke2 {

[%clk 00:00:56]

} {

[%emt 00:00:02]

} Ne5 {

[%clk 00:01:02]

} {

[%emt 00:00:05]

} 45. Nd5 {

[%clk 00:00:54]

} {

[%emt 00:00:03]

} b5 {

[%clk 00:00:57]

} {

[%emt 00:00:04]

} 46. Nc7 {

[%clk 00:00:53]

} {

[%emt 00:00:01]

} b4 {

[%clk 00:00:53]

} {

[%emt 00:00:04]

} 47. Ne8+ {

[%clk 00:00:51]

} {

[%emt 00:00:02]

} Kh6 {

[%clk 00:00:53]

} 48. Nd6 {

[%clk 00:00:47]

} {

[%emt 00:00:03]

} Kg5 {

[%clk 00:00:44]

} {

[%emt 00:00:09]

} 49. Ne4+ {

[%clk 00:00:45]

} {

[%emt 00:00:02]

} Kf5 {

[%clk 00:00:42]

} {

[%emt 00:00:02]

} 50. Nc5 {

[%clk 00:00:43]

} {

[%emt 00:00:02]

} Rb2+ {

[%clk 00:00:40]

} {

[%emt 00:00:02]

} 51. Ke3 {

[%clk 00:00:39]

} {

[%emt 00:00:03]

} Ng4+ {

[%emt 00:00:02]

} 52. Kd4 {

[%clk 00:00:38]

} Rxh2 {

[%clk 00:00:36]

} {

[%emt 00:00:03]

} 53. Rxb4 {

[%clk 00:00:35]

} {

[%emt 00:00:03]

} Rg2 {

[%clk 00:00:32]

} {

[%emt 00:00:03]

} 54. Rb5 {

[%clk 00:00:34]

} {

[%emt 00:00:01]

} Kf6 {

[%clk 00:00:30]

} {

[%emt 00:00:03]

} 55. Ne4+ {

[%clk 00:00:33]

} {

[%emt 00:00:01]

} Kg7 {

[%clk 00:00:29]

} 56. Rb7 {

[%clk 00:00:31]

} {

[%emt 00:00:02]

} h5 {

[%clk 00:00:28]

} {

[%emt 00:00:01]

} 57. Ng5 {

[%clk 00:00:29]

} {

[%emt 00:00:02]

} Rf2 {

[%clk 00:00:26]

} {

[%emt 00:00:02]

} 58. Ne6+ {

[%clk 00:00:26]

} {

[%emt 00:00:04]

} Kh6 {

[%clk 00:00:23]

} {

[%emt 00:00:02]

} 59. Nf4 {

[%clk 00:00:24]

} {

[%emt 00:00:02]

} h4 {

[%clk 00:00:22]

} {

[%emt 00:00:02]

} 60. Rb8 {

[%clk 00:00:21]

} {

[%emt 00:00:03]

} hxg3 {

[%clk 00:00:20]

} {

[%emt 00:00:01]

} 61. Nd3 {

[%clk 00:00:18]

} {

[%emt 00:00:02]

} Rf1 {

[%clk 00:00:19]

} {

[%emt 00:00:02]

} 62. Rh8+ {

[%clk 00:00:17]

} {

[%emt 00:00:01]

} Kg7 {

[%clk 00:00:19]

} 63. Rb8 {

[%clk 00:00:15]

} g2 {

[%clk 00:00:18]

} {

[%emt 00:00:01]

} 64. Rb7 {

[%clk 00:00:12]

} {

[%emt 00:00:04]

} g1=Q+ {

[%clk 00:00:16]

} 65. Kc3 {

[%clk 00:00:11]

} Qe3 {

[%clk 00:00:13]

} {

[%emt 00:00:04]

} 66. Kc4 {

[%clk 00:00:10]

} {

[%emt 00:00:01]

} Qe4+ {

[%clk 00:00:12]

} {

[%emt 00:00:01]

} 67. Kc3 {

[%clk 00:00:09]

} Qxb7 {

[%emt 00:00:02]

} 68. Ne5 {

[%clk 00:00:06]

} {

[%emt 00:00:02]

} Qc7+ {

[%clk 00:00:10]

} {

[%emt 00:00:01]

} 69. Kd4 {

[%clk 00:00:05]

} Nxe5 {

[%clk 00:00:09]

} 70. Ke4 {

[%clk 00:00:04]

} {

[%emt 00:00:01]

} Re1+ {

[%clk 00:00:08]

} 71. Kf4 {

[%clk 00:00:03]

} Qc4+ {

[%clk 00:00:07]

} 72. Kg3 {

[%clk 00:00:02]

} {

[%emt 00:00:01]

} Qg4+ {

[%clk 00:00:06]

} 73. Kf2 {

[%clk 00:00:01]

} Re2+ {

[%clk 00:00:06]

} {

[%emt 00:00:01]

} 74. Kf1 Qg2# 0-1